What Movie? Back to the Camera VI Quiz Stats

 Plays Quiz Updated Aug 26, 2016

Challenge
Share
Tweet
Score 0/25 Timer 08:00
1 Play Today
% Correct
Toy Story 3
95.2%
Aladdin
90.4%
Avatar
89.9%
The Martian
81.3%
Field of Dreams
81.1%
Ben-Hur
78%
The Social Network
69.2%
Jurassic World
62.3%
True Grit
59.2%
Skyfall
57.8%
Predator
57.4%
When Harry Met Sally...
51.4%
Underworld
45%
% Correct
Apocalypse Now
43.2%
Pleasantville
42.4%
Big Trouble in Little China
41.2%
Labyrinth
36.9%
Moonrise Kingdom
36.2%
The Hitchhiker's Guide to the Galaxy
35.8%
The Prestige
35.4%
There's Something About Mary
35%
The Rock
33%
The Others
25.8%
Eternal Sunshine of the Spotless Mind
25.7%
The Theory of Everything
24.8%

You're not logged in!

Compare scores with friends on all Sporcle quizzes.
OR
Log In

You Might Also Like...

Show Comments

Extras

Top Quizzes Today


Score Distribution

Your Account Isn't Verified!

In order to create a playlist on Sporcle, you need to verify the email address you used during registration. Go to your Sporcle Settings to finish the process.

Report this User

Report this user for behavior that violates our Community Guidelines.

Details: